<?xml version="1.0" encoding="UTF-8"?>
<record
    xmlns:xsi="http://www.w3.org/2001/XMLSchema-instance"
    xsi:schemaLocation="http://www.loc.gov/MARC21/slim http://www.loc.gov/standards/marcxml/schema/MARC21slim.xsd"
    xmlns="http://www.loc.gov/MARC21/slim">

  <leader>01939nas a2200277Ia 4500</leader>
  <controlfield tag="001">R050-S0518</controlfield>
  <controlfield tag="003">IT-CnALBA</controlfield>
  <controlfield tag="008">170116c99999999xx ||||||||||||   ||und||</controlfield>
  <datafield tag="040" ind1=" " ind2=" ">
    <subfield code="a">IT-CnALBA</subfield>
    <subfield code="c">IT-CnALBA</subfield>
  </datafield>
  <datafield tag="041" ind1=" " ind2=" ">
    <subfield code="a">ITALIANO</subfield>
  </datafield>
  <datafield tag="100" ind1=" " ind2=" ">
    <subfield code="a">DEL LUNGO ISIDORO</subfield>
  </datafield>
  <datafield tag="210" ind1=" " ind2=" ">
    <subfield code="a">NUOVA ANTOLOGIA</subfield>
  </datafield>
  <datafield tag="222" ind1=" " ind2=" ">
    <subfield code="a">NUOVA ANTOLOGIA</subfield>
  </datafield>
  <datafield tag="245" ind1=" " ind2="0">
    <subfield code="a">NUOVA ANTOLOGIA. SETTEMBRE OTTOBRE 1879. II SERIE. VOL. XVII. </subfield>
    <subfield code="b"> RIVISTA DI LETTERE SCIENZE ARTI</subfield>
  </datafield>
  <datafield tag="250" ind1=" " ind2=" ">
    <subfield code="a">1a ed.</subfield>
  </datafield>
  <datafield tag="260" ind1=" " ind2=" ">
    <subfield code="a"> ROMA</subfield>
    <subfield code="b">TIPOGRAFIA BARBERA </subfield>
    <subfield code="c">1879 [1&#xB0; Ed.:1879 - Ed.Ling.Originale: 1879]</subfield>
  </datafield>
  <datafield tag="300" ind1=" " ind2=" ">
    <subfield code="a">780 p. </subfield>
  </datafield>
  <datafield tag="310" ind1=" " ind2=" ">
    <subfield code="a">VARIA</subfield>
  </datafield>
  <datafield tag="362" ind1=" " ind2=" ">
    <subfield code="a">Fascicolo: 17-20 /  (1879)</subfield>
  </datafield>
  <datafield tag="500" ind1=" " ind2=" ">
    <subfield code="a">FIRENZE INIZIO SECOLO XIV. CONFIDENZE POLITICHE DI MASSIMO D'AZEGLIO E ALFONSO LA MARMORA. PALEOETNOLOGIA VERONESE E FONDATORE, PIGNORINI L. LIDIA, RACCONTO, PIERANTONI MANCINI G. RESPONSABILIT&#xC0; DEI SOCI BANCHE OPERATIVE. ROSSI A. NOTIZIA LETTERARIA, ODI TIBERINE DI D. GNOLI. RASSEGNA MUSICALE. FIERE E TEATRI D'ESTATE IN ITALIA. LA STELLA DEL NORD DI MEYER BEER. LA MASSA DI VERDI. IL BARBIERE DI SIVIGLIA DEL MAESTRO GRAFFIGNA, F. D'ARCAIS. RASSEGNA POLITICA. CRISI MINISTERIALE IN AUSTRIA. I TUMULTI DI PARIGI... BOLLETTINO BIBLIOGRAFICO. </subfield>
  </datafield>
  <datafield tag="501" ind1=" " ind2=" ">
    <subfield code="a">Societ&#xE0; San Paolo EM - Piazza San Paolo, 14 - 12051 ALBA (CN)  (non commercial uses only) &#xAE; Copyright 2017</subfield>
  </datafield>
  <datafield tag="520" ind1=" " ind2=" ">
    <subfield code="a">FIRENZE INIZIO SECOLO XIV. CONFIDENZE POLITICHE DI MASSIMO D'AZEGLIO E ALFONSO LA MARMORA. PALEOETNOLOGIA VERONESE E FONDATORE, PIGNORINI L. LIDIA, RACCONTO, PIERANTONI MANCINI G. RESPONSABILIT&#xC0; DEI SOCI BANCHE OPERATIVE. ROSSI A. NOTIZIA LETTERARIA, ODI TIBERINE DI D. GNOLI. RASSEGNA MUSICALE. FIERE E TEATRI D'ESTATE IN ITALIA. LA STELLA DEL NORD DI MEYER BEER. LA MASSA DI VERDI. IL BARBIERE DI SIVIGLIA DEL MAESTRO GRAFFIGNA, F. D'ARCAIS. RASSEGNA POLITICA. CRISI MINISTERIALE IN AUSTRIA. I TUMULTI DI PARIGI... BOLLETTINO BIBLIOGRAFICO. </subfield>
  </datafield>
  <datafield tag="650" ind1=" " ind2=" ">
    <subfield code="a">PERIODICI</subfield>
  </datafield>
  <datafield tag="942" ind1=" " ind2=" ">
    <subfield code="c">CR</subfield>
  </datafield>
  <datafield tag="957" ind1=" " ind2=" ">
    <subfield code="7">1</subfield>
  </datafield>
  <datafield tag="999" ind1=" " ind2=" ">
    <subfield code="a">62084</subfield>
    <subfield code="b">SI </subfield>
    <subfield code="g">1</subfield>
    <subfield code="c">329110</subfield>
    <subfield code="d">329110</subfield>
  </datafield>
  <datafield tag="952" ind1=" " ind2=" ">
    <subfield code="0">0</subfield>
    <subfield code="1">0</subfield>
    <subfield code="4">0</subfield>
    <subfield code="6">R_050S0518</subfield>
    <subfield code="7">1</subfield>
    <subfield code="a">ALBA</subfield>
    <subfield code="b">ALBA</subfield>
    <subfield code="d">2017-01-16</subfield>
    <subfield code="l">0</subfield>
    <subfield code="o">R050-S0518</subfield>
    <subfield code="r">2017-01-16 00:00:00</subfield>
    <subfield code="w">2017-01-16</subfield>
    <subfield code="y">CR</subfield>
    <subfield code="z">(data import: 16 gennaio 2017) - By Epidotti, Vaglietti. </subfield>
  </datafield>
</record>
